000 00766nam a2200193 i 4500
001 22845
003 ES-MaACL
005 20230906152750.0
007 t|
008 021205s1903 sp ||||1| spa d
100 1 _aAltolaguirre y Duvale, Ángel de,
_d1857-1939
_920559
245 1 0 _aCristobal Colón y Pablo del Pozo Toscanelli
_b: estudio crítico del proyecto formulado por Toscanelli y seguido por Colón para arribar al extremo Oriente de Asia... /
_cAngel Altolaguirre y Duvale.
260 _aMadrid :
_b[s.n.,
_c1903] (
_fImprenta de Administración Militar)
300 _aX, 427 p. ;
_c28 cm.
600 1 4 _aColón, Cristóbal.
_939869
600 1 4 _aToscanelli, Paolo dal Pozzo.
_9133347
852 _aES-MaACL
_jF-12925
999 _c22845
_d22845